| LEADER |
01396nam0a2200193 450 |
| 001 |
16868179 |
| 010 |
|
|
|a 978-2-36637-222-9
|b Br.
|d 23
|
| 100 |
|
|
|a 20260403d2025 u u0frey01 ba
|
| 101 |
1 |
|
|a fre
|c eng
|
| 102 |
|
|
|a FR
|
| 200 |
0 |
|
|a disparue du Titanic (La)
|f Frances Quinn
|
| 207 |
|
1 |
|a
|
| 210 |
|
|
|a La Roque-sur-Pernes
|b 84
|c VDB
|d 2025
|
| 215 |
|
|
|a 1 vol. (675 p.)
|c Couv ill
|d 22x15 cm
|
| 330 |
|
|
|a Elinor, 19 ans, fille dun homme qui a fait fortune dans le coton, intègre laristocratie anglaise lorsquelle épouse Frederick, fils du comte de Storton. Mais elle déchante bien vite lorsquelle découvre quil la uniquement épousée pour son argent et que sa belle-famille la méprise. Deux années difficiles sécoulent à Winterton Hall, au cours desquelles elle voit peu son fils Teddy, qui lui a été retiré dès la naissance pour être confié à une nourrice. Arrive enfin le grand jour : le Titanic, à bord duquel son père les a invités, va appareiller. Après le naufrage, où son mari et son père perdent la vie, Elinor décide de prendre lidentité de sa jeune domestique. Seul moyen de soustraire Teddy à sa belle-famille et de recommencer une nouvelle vie, là où personne ne la connaît.
|
| 700 |
|
0 |
|a Quinn
|b Frances
|4 70
|
| 900 |
|
|
|a Roman
|
| 901 |
|
|
|a Adultes
|
| 995 |
|
|
|a Médiathèque
|c Médiathèque
|f 089021822
|h 089021822
|k R QUI LV
|o p
|q a
|r ag
|e Médiathèque
|